000 00408pab a2200169 454500
008 180718b2001 xxu||||| |||| 00| 0 eng d
100 _aKatyal, Sudha
245 _aSelf esteem and differentials in parental discipline
260 _c2001
300 _ap.16-18
362 _aApr
650 _aParent attitudes
650 _aSelf esteem
700 _aNeelam
773 _aSocial Welfare
909 _a48342
999 _c48342
_d48342